| 000 | 00463nam a2200205Ia 4500 | ||
|---|---|---|---|
| 003 | OSt | ||
| 005 | 20220924143559.0 | ||
| 006 | a|||||r|||| 00| 0 | ||
| 007 | ta | ||
| 008 | 220923b |||||||| |||| 00| 0 urd d | ||
| 024 | _a309065 | ||
| 037 | _cTextual | ||
| 040 |
_aARTS _cARTS _burd |
||
| 041 |
_2urd _aurd |
||
| 082 | _a9a46, 168P6 | ||
| 245 | 0 | _aAaj | |
| 260 | _c2006 | ||
| 942 |
_h9a46, 168P6 _cTEXL _2CC |
||
| 999 |
_c455068 _d455068 |
||